[Event "Madrid ch 2017-2018 Veteranos"]
[Site "Madrid ESP"]
[Date "2018.01.17"]
[Round "8.21"]
[White "Calderon Martin, Antonio"]
[Black "Martinez Miura, Enrique"]
[Result "1/2-1/2"]
[WhiteElo "1665"]
[BlackElo "1637"]
[PlyCount "71"]
[EventDate "2018.01.08"]
[EventType "swiss"]
[EventRounds "9"]
[EventCountry "ESP"]
[SourceTitle "Ajedrez en Madrid"]
[Source "lmi"]
[SourceDate "2018.01.08"]
[SourceVersion "1"]
[SourceVersionDate "2018.01.25"]
[SourceQuality "1"]

1. e4 e6 2. d4 d5 3. e5 c5 4. c3 cxd4 5. cxd4 Bb4+ 6. Nc3 Ne7 7. Nf3 O-O 8. Bd3
h6 9. O-O Nf5 10. Be3 Nc6 11. Rc1 Bd7 12. a3 Be7 13. b4 Nxe3 14. fxe3 a6 15.
Qe2 f5 16. exf6 Rxf6 17. Kh1 Be8 18. Ng1 Rxf1 19. Rxf1 Rc8 20. Nb1 Bf6 21. Nd2
Bf7 22. Nb3 Be7 23. h3 e5 24. Bh7+ Kxh7 25. Rxf7 Qe8 26. Qf3 Kg8 27. Rf5 e4 28.
Qg4 Rd8 29. Nc5 Bxc5 30. bxc5 Qe7 31. Ne2 Qd7 32. Nf4 Ne7 33. Re5 Qxg4 34. hxg4
Kf7 35. Kg1 g5 36. Nh5 1/2-1/2

[Event "Madrid ch 2017-2018 Veteranos"]
[Site "Madrid ESP"]
[Date "2018.01.17"]
[Round "8.22"]
[White "Salgado Duarte, Pablo"]
[Black "Ramos Antona, Enrique"]
[Result "1/2-1/2"]
[WhiteElo "1522"]
[BlackElo "1608"]
[PlyCount "84"]
[EventDate "2018.01.08"]
[EventType "swiss"]
[EventRounds "9"]
[EventCountry "ESP"]
[SourceTitle "Ajedrez en Madrid"]
[Source "lmi"]
[SourceDate "2018.01.08"]
[SourceVersion "1"]
[SourceVersionDate "2018.01.25"]
[SourceQuality "1"]

1. d4 Nf6 2. c4 e6 3. Nc3 d5 4. e3 c6 5. cxd5 exd5 6. Nf3 Bg4 7. Be2 Nbd7 8.
O-O Bd6 9. h3 Bh5 10. Nd2 Bxe2 11. Qxe2 O-O 12. a3 Re8 13. Qd1 Ne4 14. Ndxe4
dxe4 15. f4 Nf6 16. Rb1 b5 17. Bd2 Bf8 18. Rc1 Rc8 19. Be1 Nd5 20. Bf2 a6 21.
Re1 f5 22. Ne2 Be7 23. Ng3 g6 24. Re2 Bh4 25. Nf1 Bxf2+ 26. Rxf2 Kg7 27. Rfc2
Re6 28. Qe1 a5 29. Rc5 a4 30. R1c2 Kh6 31. Qc1 Ne7 32. Qe1 Nd5 33. Nd2 g5 34.
fxg5+ Qxg5 35. Rxd5 Rg8 36. Nxe4 Rxe4 37. Rd6+ Rg6 38. Rxg6+ hxg6 39. Rc3 Qf6
40. Qg3 f4 41. Qf3 Qf5 42. exf4 Rxd4 1/2-1/2

[Event "Madrid ch 2017-2018 Veteranos"]
[Site "Madrid ESP"]
[Date "2018.01.17"]
[Round "8.23"]
[White "Infante Martin, Alonso"]
[Black "Fernandez Aransay, Fernando"]
[Result "0-1"]
[WhiteElo "1345"]
[BlackElo "1825"]
[PlyCount "94"]
[EventDate "2018.01.08"]
[EventType "swiss"]
[EventRounds "9"]
[EventCountry "ESP"]
[SourceTitle "Ajedrez en Madrid"]
[Source "lmi"]
[SourceDate "2018.01.08"]
[SourceVersion "1"]
[SourceVersionDate "2018.01.25"]
[SourceQuality "1"]

1. d4 d5 2. c4 e6 3. Nc3 Nf6 4. cxd5 exd5 5. Bg5 Be7 6. e3 O-O 7. Bd3 h6 8. Bh4
b6 9. Rc1 Bb7 10. Nf3 Nbd7 11. h3 c5 12. b3 Ne4 13. Bxe7 Qxe7 14. O-O Rac8 15.
Re1 Qf6 16. Bxe4 dxe4 17. Nd2 Rfe8 18. Qc2 cxd4 19. exd4 Qxd4 20. Re3 Nf6 21.
Rce1 Nd5 22. Rxe4 Rxe4 23. Rxe4 Qxc3 24. Qxc3 Rxc3 25. Nc4 Rc1+ 26. Kh2 Rc2 27.
Kg3 Rxa2 28. Re8+ Kh7 29. Ne5 Nf6 30. Re7 Ne4+ 31. Kh2 Bd5 32. Nd3 Be6 33. Nf4
Nc5 34. b4 Na6 35. Nxe6 fxe6 36. Rxa7 Nxb4 37. Re7 Rxf2 38. Rxe6 Rf6 39. Re5
Nc6 40. Rb5 Na7 41. Rb4 b5 42. h4 Rb6 43. Kg3 Nc6 44. Rb2 b4 45. Kf3 b3 46. Ke3
Kg6 47. g4 Ne5 0-1

[Event "Madrid ch 2017-2018 Veteranos"]
[Site "Madrid ESP"]
[Date "2018.01.17"]
[Round "8.24"]
[White "Beekhof Harmsen, Willen"]
[Black "Martin Garcia, Francisco Javier"]
[Result "1-0"]
[WhiteElo "1543"]
[BlackElo "1487"]
[PlyCount "79"]
[EventDate "2018.01.08"]
[EventType "swiss"]
[EventRounds "9"]
[EventCountry "ESP"]
[SourceTitle "Ajedrez en Madrid"]
[Source "lmi"]
[SourceDate "2018.01.08"]
[SourceVersion "1"]
[SourceVersionDate "2018.01.25"]
[SourceQuality "1"]

1. d4 Nf6 2. Nf3 g6 3. e3 Bg7 4. Bd3 O-O 5. O-O d5 6. Nbd2 Nbd7 7. e4 dxe4 8.
Nxe4 Nxe4 9. Bxe4 Nf6 10. Bd3 b6 11. c3 Bb7 12. Re1 e6 13. a4 a5 14. Bg5 h6 15.
Bf4 Nd5 16. Bg3 Nf6 17. h3 Nd7 18. Qe2 Re8 19. Ne5 Nxe5 20. dxe5 Qe7 21. Be4
Bxe4 22. Qxe4 Qc5 23. Rac1 Rad8 24. b4 Qd5 25. Qxd5 Rxd5 26. c4 Rd3 27. b5 Bf8
28. Bf4 Rdd8 29. Be3 Kh7 30. c5 bxc5 31. Bxc5 Rd3 32. Bxf8 Rxf8 33. Rxc7 Rd4
34. b6 Kg8 35. b7 Rb4 36. Rec1 Rb3 37. R1c5 h5 38. Rb5 Rb4 39. Rc8 Rxb5 40.
axb5 1-0

[Event "Madrid ch 2017-2018 Veteranos"]
[Site "Madrid ESP"]
[Date "2018.01.17"]
[Round "8.26"]
[White "Perales Hernandez, Manuel"]
[Black "Martin Rodriguez, Jose Luis"]
[Result "0-1"]
[WhiteElo "1302"]
[BlackElo "1302"]
[PlyCount "116"]
[EventDate "2018.01.08"]
[EventType "swiss"]
[EventRounds "9"]
[EventCountry "ESP"]
[SourceTitle "Ajedrez en Madrid"]
[Source "lmi"]
[SourceDate "2018.01.08"]
[SourceVersion "1"]
[SourceVersionDate "2018.01.25"]
[SourceQuality "1"]

1. e4 e6 2. e5 d5 3. d4 c5 4. b3 cxd4 5. Qxd4 Nc6 6. Bb5 Bd7 7. Bxc6 Bxc6 8.
Nf3 h6 9. O-O Ne7 10. a4 Nf5 11. Qd3 a5 12. Ba3 Bxa3 13. Nxa3 O-O 14. Rad1 Qe7
15. Nb1 Rab8 16. Nc3 Qe8 17. g4 Ne7 18. Nd4 Ng6 19. f4 Qd8 20. Qg3 Qc7 21. Rd2
Rbc8 22. Re2 Be8 23. Rf3 f6 24. Nxe6 Qb6+ 25. Qf2 Qxe6 26. f5 Qc6 27. fxg6 Bxg6
28. e6 Rfe8 29. Qd4 Qc5 30. Qxc5 Rxc5 31. Nb5 Rxc2 32. Rfe3 Rxe2 33. Rxe2 Bd3
34. Nd6 Bxe2 35. Nxe8 Kf8 36. Nc7 d4 37. h3 d3 38. Nb5 d2 39. Nc3 d1=Q+ 40.
Nxd1 Bxd1 41. Kf2 Ke7 42. Ke3 Bxb3 43. Kd4 Kxe6 44. Kc5 Bxa4 45. Kb6 Bc6 46.
Kxa5 g6 47. h4 Ke5 48. Kb4 Kf4 49. g5 fxg5 50. hxg5 Kxg5 51. Kc5 h5 52. Kd4 Kf4
53. Kd3 Kf3 54. Kd4 h4 55. Kd3 h3 56. Kd2 Kf2 57. Kd1 h2 58. Kd2 h1=Q 0-1

[Event "Madrid ch 2017-2018 Veteranos"]
[Site "Madrid ESP"]
[Date "2018.01.17"]
[Round "8.27"]
[White "Perez Ramos, Miguel Angel"]
[Black "Abad Martin-Camuñas, Luis"]
[Result "0-1"]
[WhiteElo "1145"]
[BlackElo "1408"]
[PlyCount "150"]
[EventDate "2018.01.08"]
[EventType "swiss"]
[EventRounds "9"]
[EventCountry "ESP"]
[SourceTitle "Ajedrez en Madrid"]
[Source "lmi"]
[SourceDate "2018.01.08"]
[SourceVersion "1"]
[SourceVersionDate "2018.01.25"]
[SourceQuality "1"]

1. e4 c5 2. Nf3 Nc6 3. c3 d6 4. h3 Nf6 5. Bd3 g6 6. Bc2 Bg7 7. d3 O-O 8. Be3 b6
9. Nbd2 Bb7 10. d4 cxd4 11. Bxd4 Nxd4 12. Nxd4 a6 13. N4f3 Nd7 14. O-O Ne5 15.
Re1 Rc8 16. a3 Qc7 17. Qe2 e6 18. Bd3 b5 19. Rec1 Nxd3 20. Qxd3 d5 21. Qe3 dxe4
22. Nxe4 Bxe4 23. Qxe4 Rfd8 24. Re1 Rd5 25. h4 Rcd8 26. Qe2 Bf6 27. g3 Qe7 28.
Qe4 h6 29. Qe2 g5 30. h5 g4 31. Nd4 Bxd4 32. Qxg4+ Bg7 33. Rac1 Qg5 34. Qxg5
Rxg5 35. Rcd1 Rxd1 36. Rxd1 Rxh5 37. Rd8+ Bf8 38. Ra8 Rd5 39. Rxa6 Rd2 40. Rb6
Rxb2 41. c4 Kg7 42. cxb5 Bc5 43. Rb7 Bxf2+ 44. Kh2 Bc5+ 45. Kh3 Bxa3 46. Rb8
Rb3 47. b6 Bd6 48. Rd8 Bxg3 49. Kg2 Be5 50. Rd1 Rxb6 51. Kf3 Rb4 52. Rg1+ Kh7
53. Re1 Bf6 54. Rd1 h5 55. Kg3 h4+ 56. Kg2 Ra4 57. Rd7 Kg7 58. Rd3 Rg4+ 59. Kh1
Rg3 60. Rd1 h3 61. Re1 Ra3 62. Rg1+ Kh7 63. Kh2 Be5+ 64. Kh1 Ra1 65. Rxa1 Bxa1
66. Kh2 Kg6 67. Kxh3 Kf5 68. Kg2 Kf4 69. Kf2 f5 70. Kf1 e5 71. Ke2 Ke4 72. Ke1
Ke3 73. Kf1 f4 74. Ke1 f3 75. Kf1 f2 0-1

[Event "Madrid ch 2017-2018 Veteranos"]
[Site "Madrid ESP"]
[Date "2018.01.18"]
[Round "9.1"]
[White "Viñas Lopez, Carlos"]
[Black "Elissalt Cardenas, Hector"]
[Result "0-1"]
[WhiteElo "1884"]
[BlackElo "2346"]
[PlyCount "128"]
[EventDate "2018.01.08"]
[EventType "swiss"]
[EventRounds "9"]
[EventCountry "ESP"]
[SourceTitle "Ajedrez en Madrid"]
[Source "lmi"]
[SourceDate "2018.01.08"]
[SourceVersion "1"]
[SourceVersionDate "2018.01.25"]
[SourceQuality "1"]

1. d4 Nf6 2. Bg5 e6 3. e4 h6 4. Bxf6 Qxf6 5. c3 d6 6. Bd3 Nd7 7. Ne2 e5 8. O-O
Qd8 9. Nd2 Be7 10. f4 O-O 11. Nf3 Bf6 12. Qd2 c5 13. Rad1 Qb6 14. Kh1 exd4 15.
cxd4 cxd4 16. Bb1 Nc5 17. Nexd4 Bg4 18. b4 Ne6 19. Nxe6 Bxe6 20. Qxd6 Bc4 21.
Rg1 Qxd6 22. Rxd6 Rfd8 23. Rgd1 Rxd6 24. Rxd6 Be7 25. Rd4 Rc8 26. a3 Bb3 27.
Bd3 Rc1+ 28. Ng1 a5 29. h3 g5 30. g3 gxf4 31. gxf4 Rd1 32. Rd7 Bxb4 33. Rxb7
Rxd3 34. axb4 a4 35. Ra7 Rd4 36. b5 Rxe4 37. b6 Rb4 38. Ra6 Kg7 39. Kh2 Rxf4
40. Kg3 Rb4 41. Nf3 Bc4 42. Ra7 Bd5 43. Ne5 Rb3+ 44. Kf4 a3 45. Nd7 a2 46. Ke5
Be6 47. Nc5 Rxb6 48. Nxe6+ Rxe6+ 49. Kf5 Re2 50. Ra6 Rf2+ 51. Kg4 Rb2 52. Kf5
Rg2 53. Kf4 f6 54. Ra8 Kg6 55. h4 h5 56. Kf3 Rb2 57. Kg3 Kf7 58. Ra6 Ke7 59.
Kf3 Kd7 60. Kf4 Rg2 61. Kf5 Rf2+ 62. Ke4 Kc7 63. Ke3 Rh2 64. Kd3 Rh3+ 0-1

[Event "Madrid ch 2017-2018 Veteranos"]
[Site "Madrid ESP"]
[Date "2018.01.18"]
[Round "9.2"]
[White "Martin Martin, Luis Vicente"]
[Black "Nuñez Muñoz, Jesus"]
[Result "0-1"]
[WhiteElo "1946"]
[BlackElo "2182"]
[PlyCount "104"]
[EventDate "2018.01.08"]
[EventType "swiss"]
[EventRounds "9"]
[EventCountry "ESP"]
[SourceTitle "Ajedrez en Madrid"]
[Source "lmi"]
[SourceDate "2018.01.08"]
[SourceVersion "1"]
[SourceVersionDate "2018.01.25"]
[SourceQuality "1"]

1. d4 Nf6 2. Bf4 e6 3. e3 c5 4. c3 b6 5. Nf3 Bb7 6. Be2 Be7 7. h3 O-O 8. O-O d6
9. Nbd2 cxd4 10. exd4 Nbd7 11. Bh2 Re8 12. Re1 Bf8 13. Bd3 h6 14. Ne4 Nxe4 15.
Bxe4 Bxe4 16. Rxe4 Nf6 17. Re1 b5 18. a4 a6 19. Nd2 Qb6 20. Qb3 Qc6 21. f3 d5
22. Ra2 Nd7 23. axb5 axb5 24. Rea1 Nb6 25. Ra6 Rxa6 26. Rxa6 b4 27. Bf4 Qb5 28.
Ra7 g5 29. Bc7 Nc8 30. Ra5 Qc6 31. Be5 bxc3 32. bxc3 Nd6 33. Kf2 Ra8 34. Rxa8
Qxa8 35. Bxd6 Bxd6 36. c4 dxc4 37. Qxc4 Qb7 38. Nb3 Bf4 39. g3 Bd6 40. g4 Bf4
41. Nc1 Qb2+ 42. Ne2 Qd2 43. Qc3 Qa2 44. Qd3 Bd6 45. Qe3 Kg7 46. Qc3 Qd5 47.
Ng3 Qa2+ 48. Ne2 Be7 49. Ke3 Qb1 50. Qc1 Qb8 51. f4 gxf4+ 52. Nxf4 Qxf4+ 0-1

[Event "Madrid ch 2017-2018 Veteranos"]
[Site "Madrid ESP"]
[Date "2018.01.18"]
[Round "9.3"]
[White "Pastor Alonso De Prado, Alberto"]
[Black "Lorenzo Bailador, Alfredo"]
[Result "1-0"]
[WhiteElo "2190"]
[BlackElo "2011"]
[PlyCount "71"]
[EventDate "2018.01.08"]
[EventType "swiss"]
[EventRounds "9"]
[EventCountry "ESP"]
[SourceTitle "Ajedrez en Madrid"]
[Source "lmi"]
[SourceDate "2018.01.08"]
[SourceVersion "1"]
[SourceVersionDate "2018.01.25"]
[SourceQuality "1"]

1. e4 e5 2. f4 exf4 3. Nf3 d5 4. exd5 Nf6 5. c4 c6 6. Nc3 cxd5 7. cxd5 Nxd5 8.
Bc4 Nxc3 9. bxc3 Qe7+ 10. Kf1 Be6 11. Qa4+ Bd7 12. Bb5 Qc5 13. Rb1 Nc6 14. d4
Qd6 15. c4 Be7 16. Kf2 O-O 17. c5 Qf6 18. Bb2 Bf5 19. Rbc1 Be4 20. Rhe1 Qg6 21.
Rxe4 Qxe4 22. Re1 Qd5 23. Bxc6 bxc6 24. Rxe7 Rfe8 25. Rxe8+ Rxe8 26. Ne5 Rb8
27. Bc1 Qe4 28. Qc4 Rb7 29. Nxc6 a5 30. Ne5 Re7 31. Qc3 f6 32. c6 fxe5 33. c7
exd4 34. c8=Q+ Kf7 35. Qd2 d3 36. Qcc3 1-0

[Event "Madrid ch 2017-2018 Veteranos"]
[Site "Madrid ESP"]
[Date "2018.01.18"]
[Round "9.5"]
[White "Lopez de Turiso, Jose Angel"]
[Black "Gonzalez Rivera, Eduardo"]
[Result "1-0"]
[WhiteElo "2020"]
[BlackElo "2014"]
[PlyCount "45"]
[EventDate "2018.01.08"]
[EventType "swiss"]
[EventRounds "9"]
[EventCountry "ESP"]
[SourceTitle "Ajedrez en Madrid"]
[Source "lmi"]
[SourceDate "2018.01.08"]
[SourceVersion "1"]
[SourceVersionDate "2018.01.25"]
[SourceQuality "1"]

1. Nc3 e5 2. Nf3 Nc6 3. d4 exd4 4. Nxd4 d5 5. Bf4 a6 6. e4 Bb4 7. Nxc6 bxc6 8.
Qd4 Bxc3+ 9. Qxc3 Nf6 10. exd5 Qe7+ 11. Qe5 Nxd5 12. Qxe7+ Kxe7 13. Bd2 Re8 14.
c4 Kf8+ 15. Be2 Bg4 16. f3 Bf5 17. Kf2 Nb6 18. Bf4 Re7 19. Rhe1 Rd8 20. Rad1
Ke8 21. b3 Rdd7 22. g4 Bg6 23. Bf1 1-0

[Event "Madrid ch 2017-2018 Veteranos"]
[Site "Madrid ESP"]
[Date "2018.01.18"]
[Round "9.7"]
[White "Alvarez Abejon, Amilcar"]
[Black "Camarero Izquierdo, Juan Carlos"]
[Result "1-0"]
[WhiteElo "1926"]
[BlackElo "1868"]
[PlyCount "53"]
[EventDate "2018.01.08"]
[EventType "swiss"]
[EventRounds "9"]
[EventCountry "ESP"]
[SourceTitle "Ajedrez en Madrid"]
[Source "lmi"]
[SourceDate "2018.01.08"]
[SourceVersion "1"]
[SourceVersionDate "2018.01.25"]
[SourceQuality "1"]

1. e4 c5 2. Nf3 d6 3. d4 cxd4 4. Nxd4 Nf6 5. Nc3 a6 6. Bg5 e6 7. f4 Nbd7 8. Qf3
Qc7 9. O-O-O b5 10. Bd3 Bb7 11. Rhe1 Rc8 12. Nd5 Qa5 13. Kb1 exd5 14. exd5+ Kd8
15. Nc6+ Bxc6 16. dxc6 Nc5 17. Bf5 Rb8 18. Qe3 Kc7 19. Qd4 Ne6 20. Qa7+ Kxc6
21. Qxb8 Nc7 22. Qd8 Nfd5 23. Be4 Be7 24. Bxd5+ Kb6 25. Qxh8 Bxg5 26. fxg5 Nxd5
27. Qd8+ 1-0

[Event "Madrid ch 2017-2018 Veteranos"]
[Site "Madrid ESP"]
[Date "2018.01.18"]
[Round "9.8"]
[White "Minguela Muñoz, Bienvenido"]
[Black "Garcia Martin, Esteban"]
[Result "0-1"]
[WhiteElo "1819"]
[BlackElo "1886"]
[PlyCount "58"]
[EventDate "2018.01.08"]
[EventType "swiss"]
[EventRounds "9"]
[EventCountry "ESP"]
[SourceTitle "Ajedrez en Madrid"]
[Source "lmi"]
[SourceDate "2018.01.08"]
[SourceVersion "1"]
[SourceVersionDate "2018.01.25"]
[SourceQuality "1"]

1. Nf3 c5 2. c4 Nf6 3. Nc3 d5 4. cxd5 Nxd5 5. e4 Nc7 6. Bc4 Nc6 7. O-O e5 8. d3
Be7 9. Nd5 O-O 10. h3 Ne6 11. a3 Ned4 12. Be3 Be6 13. Bxd4 cxd4 14. b4 Bd6 15.
Re1 Ne7 16. Qd2 Bxd5 17. exd5 Ng6 18. Ng5 h6 19. Ne4 Rc8 20. Rac1 f5 21. Nxd6
Qxd6 22. g3 Kh8 23. f4 Rce8 24. Qf2 exf4 25. Qxd4 fxg3 26. Qc5 Qf4 27. d6 Qd2
28. Red1 Qh2+ 29. Kf1 g2+ 0-1

[Event "Madrid ch 2017-2018 Veteranos"]
[Site "Madrid ESP"]
[Date "2018.01.18"]
[Round "9.9"]
[White "De la Orden Alcocer, Alejandro"]
[Black "Cruz Gonzalez, Antonio"]
[Result "1-0"]
[WhiteElo "2042"]
[BlackElo "1766"]
[PlyCount "55"]
[EventDate "2018.01.08"]
[EventType "swiss"]
[EventRounds "9"]
[EventCountry "ESP"]
[SourceTitle "Ajedrez en Madrid"]
[Source "lmi"]
[SourceDate "2018.01.08"]
[SourceVersion "1"]
[SourceVersionDate "2018.01.25"]
[SourceQuality "1"]

1. c4 Nf6 2. b3 g6 3. Bb2 Bg7 4. Nf3 c5 5. g3 Nc6 6. Bg2 Rb8 7. d4 cxd4 8. Nxd4
O-O 9. Nxc6 dxc6 10. O-O Bf5 11. Nd2 Qc8 12. Re1 Rd8 13. Qc1 Bh6 14. e3 Qe6 15.
Qc3 Rd3 16. Qa5 Rbd8 17. Nf3 Qd7 18. Ne5 Qd6 19. Nxd3 Qxd3 20. Bf3 Rd7 21. Bxf6
exf6 22. Red1 Qc2 23. Rxd7 Bxe3 24. Rd8+ Kg7 25. fxe3 Bh3 26. Qd2 Qf5 27. Qf2
Qe5 28. Rad1 1-0

[Event "Madrid ch 2017-2018 Veteranos"]
[Site "Madrid ESP"]
[Date "2018.01.18"]
[Round "9.10"]
[White "Lopez Heras, Arturo"]
[Black "Villodre Miranda, Juan Alonso"]
[Result "1-0"]
[WhiteElo "1859"]
[BlackElo "1542"]
[PlyCount "78"]
[EventDate "2018.01.08"]
[EventType "swiss"]
[EventRounds "9"]
[EventCountry "ESP"]
[SourceTitle "Ajedrez en Madrid"]
[Source "lmi"]
[SourceDate "2018.01.08"]
[SourceVersion "1"]
[SourceVersionDate "2018.01.25"]
[SourceQuality "1"]

1. e4 c5 2. Nf3 Nc6 3. d4 cxd4 4. Nxd4 e5 5. Nb3 Nf6 6. Nc3 Bb4 7. Bd3 d5 8.
exd5 Nxd5 9. Bd2 Nxc3 10. bxc3 Be7 11. O-O O-O 12. f4 exf4 13. Bxf4 g6 14. Qf3
Bf6 15. Rad1 Ne5 16. Qg3 Nxd3 17. Rxd3 Qb6+ 18. Kh1 Bg7 19. Be5 Bf5 20. Rxf5
Rfe8 21. Bxg7 Kxg7 22. Rf1 Re2 23. Qf3 Re7 24. Qf4 Qa6 25. Rdf3 f5 26. Nd4 Rae8
27. Qg5 Re1 28. Nxf5+ Kh8 29. Ng3 Rxf1+ 30. Rxf1 Qxa2 31. h4 Qe6 32. Qc5 Kg8
33. Qxa7 Qg4 34. Qxb7 Qxh4+ 35. Kg1 Qe7 36. Qxe7 Rxe7 37. Kf2 Rc7 38. Ne2 Kg7
39. Ke3 h5 1-0

[Event "Madrid ch 2017-2018 Veteranos"]
[Site "Madrid ESP"]
[Date "2018.01.18"]
[Round "9.11"]
[White "Losada Gonzalez, Andres"]
[Black "Prieto Gonzalez, Cesar"]
[Result "0-1"]
[WhiteElo "1807"]
[BlackElo "1515"]
[PlyCount "74"]
[EventDate "2018.01.08"]
[EventType "swiss"]
[EventRounds "9"]
[EventCountry "ESP"]
[SourceTitle "Ajedrez en Madrid"]
[Source "lmi"]
[SourceDate "2018.01.08"]
[SourceVersion "1"]
[SourceVersionDate "2018.01.25"]
[SourceQuality "1"]

1. e4 d6 2. d4 Nf6 3. Nc3 Nbd7 4. Nf3 e5 5. Be2 Be7 6. O-O O-O 7. Re1 Re8 8. h3
c6 9. a4 a5 10. Bf1 Qc7 11. g4 exd4 12. Nxd4 Ne5 13. g5 Nfd7 14. Nf5 Nf8 15.
Nxe7+ Qxe7 16. f4 Neg6 17. f5 Bxf5 18. exf5 Qxe1 19. Qxe1 Rxe1 20. fxg6 Nxg6
21. Kf2 Re5 22. Bd2 Rae8 23. Re1 Rf5+ 24. Kg3 Rxe1 25. Bxe1 Rxf1 26. Bf2 Rc1
27. Ne4 Rxc2 28. Nxd6 Rxb2 29. Be1 Rb3+ 30. Kg4 Ne5+ 31. Kf5 Rxh3 32. Nxb7 Nc4
33. Bxa5 Nxa5 34. Nxa5 c5 35. Ke5 Ra3 36. Nb7 Rxa4 37. Nxc5 Ra5 0-1

[Event "Madrid ch 2017-2018 Veteranos"]
[Site "Madrid ESP"]
[Date "2018.01.18"]
[Round "9.12"]
[White "Hernandez Garcia, Carlos"]
[Black "Marivela Santos, Juan Carlos"]
[Result "1-0"]
[WhiteElo "1727"]
[BlackElo "1714"]
[PlyCount "100"]
[EventDate "2018.01.08"]
[EventType "swiss"]
[EventRounds "9"]
[EventCountry "ESP"]
[SourceTitle "Ajedrez en Madrid"]
[Source "lmi"]
[SourceDate "2018.01.08"]
[SourceVersion "1"]
[SourceVersionDate "2018.01.25"]
[SourceQuality "1"]

1. e4 c6 2. d4 d5 3. e5 Bf5 4. Bd3 Bxd3 5. Qxd3 e6 6. f4 Ne7 7. g4 g6 8. Nf3 h5
9. g5 Nf5 10. b3 Nd7 11. c4 dxc4 12. bxc4 Bb4+ 13. Ke2 Nb6 14. Rd1 Rb8 15. Ba3
Qe7 16. Bxb4 Qxb4 17. Nbd2 O-O 18. a3 Qe7 19. Ne4 Nd7 20. Rab1 b6 21. Nfd2 Rfd8
22. Qc3 c5 23. d5 exd5 24. cxd5 Nd4+ 25. Kf1 Nf8 26. Nf6+ Kg7 27. Nf3 Nf5 28.
Rb2 Qb7 29. Re2 Qa6 30. Kf2 Qa4 31. Rde1 Nd4 32. Rd2 Qb3 33. Qd3 Qxd3 34. Rxd3
Nxf3 35. Kxf3 Ne6 36. Ke4 Nd4 37. Rc1 Rbc8 38. Rxd4 cxd4 39. Rxc8 Rxc8 40. d6
Rd8 41. Kxd4 Kf8 42. Kd5 Rc8 43. d7 Rd8 44. Kd6 b5 45. Kc7 Ra8 46. d8=Q+ Rxd8
47. Kxd8 a5 48. Nd5 Kg8 49. Kc7 b4 50. axb4 axb4 1-0

[Event "Madrid ch 2017-2018 Veteranos"]
[Site "Madrid ESP"]
[Date "2018.01.18"]
[Round "9.13"]
[White "Sotoca Aguado, Jose"]
[Black "Martinez Pintor, Juan"]
[Result "1-0"]
[WhiteElo "1852"]
[BlackElo "1661"]
[PlyCount "115"]
[EventDate "2018.01.08"]
[EventType "swiss"]
[EventRounds "9"]
[EventCountry "ESP"]
[SourceTitle "Ajedrez en Madrid"]
[Source "lmi"]
[SourceDate "2018.01.08"]
[SourceVersion "1"]
[SourceVersionDate "2018.01.25"]
[SourceQuality "1"]

1. e4 e6 2. d4 d5 3. Nc3 dxe4 4. Nxe4 Bd7 5. Nf3 Bc6 6. Bd3 Nd7 7. O-O Ngf6 8.
Ng3 Be7 9. c3 O-O 10. Qe2 Bxf3 11. Qxf3 c6 12. Bf4 Nb6 13. Rad1 Bd6 14. Bg5 Be7
15. Rfe1 h6 16. Bxf6 Bxf6 17. Nh5 Be7 18. Qg4 Bf6 19. Re3 Kh8 20. Rg3 Rg8 21.
Rf3 Nd7 22. Qe4 Nf8 23. Nxf6 gxf6 24. Rh3 f5 25. Rxh6+ Kg7 26. Qh4 Qxh4 27.
Rxh4 Ng6 28. Rh3 Kf6 29. Rh7 Nf4 30. Bf1 Rg4 31. f3 Rg5 32. Kf2 Rag8 33. Rh6+
Kg7 34. Rh4 Ng6 35. Rh3 Nf4 36. Rg3 Rxg3 37. Kxg3 Nd5 38. Kf2 Rh8 39. h3 f4 40.
Bd3 Kf6 41. Rh1 Rg8 42. h4 Rg3 43. h5 Kg7 44. h6+ Kh8 45. Rh4 f5 46. c4 Nf6 47.
Rxf4 Rg6 48. Rh4 Ng8 49. g4 Rxh6 50. Rxh6+ Nxh6 51. g5 Ng8 52. Kg3 Ne7 53. Kf4
Ng6+ 54. Ke3 Kg7 55. d5 Kf7 56. d6 c5 57. f4 Ke8 58. Be2 1-0

[Event "Madrid ch 2017-2018 Veteranos"]
[Site "Madrid ESP"]
[Date "2018.01.18"]
[Round "9.14"]
[White "Rueda Maria, Ramiro"]
[Black "Sanchez Lucena, Juan"]
[Result "1-0"]
[WhiteElo "1827"]
[BlackElo "1456"]
[PlyCount "85"]
[EventDate "2018.01.08"]
[EventType "swiss"]
[EventRounds "9"]
[EventCountry "ESP"]
[SourceTitle "Ajedrez en Madrid"]
[Source "lmi"]
[SourceDate "2018.01.08"]
[SourceVersion "1"]
[SourceVersionDate "2018.01.25"]
[SourceQuality "1"]

1. Nf3 d6 2. d4 a6 3. g3 d5 4. c4 e6 5. Bg2 Nf6 6. Nc3 Be7 7. O-O Nc6 8. Ne5
dxc4 9. Nxc6 bxc6 10. Bxc6+ Bd7 11. Bxa8 Qxa8 12. f3 h6 13. Qc2 Qc6 14. e4 O-O
15. Be3 g5 16. Rac1 Rb8 17. Nd1 Qb5 18. Rf2 Qb4 19. Qxc4 Ne8 20. Qxb4 Rxb4 21.
Rfc2 Rb7 22. Nc3 f6 23. Kf2 Bd6 24. Rh1 Ng7 25. h4 Be8 26. hxg5 hxg5 27. f4 g4
28. Ke1 Nh5 29. Rch2 c6 30. Rxh5 Bxh5 31. Rxh5 Rxb2 32. Kd1 Bb4 33. Bd2 Bxc3
34. Bxc3 Rxa2 35. Rc5 Kf7 36. Rxc6 Ke7 37. Bd2 a5 38. Ra6 Ra4 39. Be3 Ra3 40.
Ke2 Ra2+ 41. Bd2 Ra4 42. Bc3 Ra2+ 43. Kd3 1-0

[Event "Madrid ch 2017-2018 Veteranos"]
[Site "Madrid ESP"]
[Date "2018.01.18"]
[Round "9.15"]
[White "De Luna Butz, Alberto"]
[Black "Ghavami, Mahmoud"]
[Result "1-0"]
[WhiteElo "1810"]
[BlackElo "1516"]
[PlyCount "63"]
[EventDate "2018.01.08"]
[EventType "swiss"]
[EventRounds "9"]
[EventCountry "ESP"]
[SourceTitle "Ajedrez en Madrid"]
[Source "lmi"]
[SourceDate "2018.01.08"]
[SourceVersion "1"]
[SourceVersionDate "2018.01.25"]
[SourceQuality "1"]

1. Nf3 d5 2. c4 e6 3. d4 c6 4. cxd5 exd5 5. Nc3 Nf6 6. Bg5 h6 7. Bh4 Bf5 8. e3
Nbd7 9. Bd3 Bxd3 10. Qxd3 Bd6 11. O-O O-O 12. Rac1 Re8 13. a3 Re6 14. b4 g5 15.
Bg3 Bxg3 16. hxg3 Ne4 17. Na4 Qe7 18. Nc5 Ndxc5 19. bxc5 f6 20. Rb1 Qc7 21. Rb3
b5 22. cxb6 axb6 23. Rfb1 c5 24. dxc5 Nxc5 25. Qxd5 Rd8 26. Qc4 Kg7 27. Nd4 Re4
28. Rxb6 Qe5 29. R1b5 Rd5 30. Rb8 g4 31. Rc8 Rdxd4 32. Qg8# 1-0